000 00444nam a2200193Ia 4500
001 24133
008 140410s9999 xx 000 0 und d
020 _a0-421-48250-8
040 _cPK-LaUMT
082 _a 346.004
_bMAR-M
100 _aJill E. Martin
245 _aModern equity
_cJill E. Martin
250 _a14
260 _aLondon,UK:
_bSweet & Maxwell,
_c1993
300 _a925 p.
546 _aEN
650 _aEquity
942 _cBK
999 _c24340
_d24340